000
00335pam a2200157a 44500
008
230515b1990 xxu||||| |||| 00| 0 eng d
020
_a
NULL
041
_a
ENGLISH
082
_a
N.D.
100
_a
Tokheim
245
_a
Digital Electronics
250
_a
0
260
_a
NULL
_b
Mcgraw Hill
_c
1990
300
_a
335
650
_a
NULL
999
_c
570717
_d
570717